00397nam a2200145Ia 4500008004100000020001800041041000800059082001900067100002200086245006100108260001600169300002700185365001700212700002200229230718s9999 xx 000 0 und d a9781848215023 aeng a616.07548bFAN aFanet H. (Editor) aMedical Imaging Based On Magnetic Fields And Ultrasounds c2014bWiley a266dRef 865 I (49294) cRs.b9059.00 aFanet H. (Editor)